[Event "9th Bangabandhu Rapid Men 2021"]
[Site "Dhaka"]
[Date "2021.04.03"]
[Round "8.6"]
[White "Md Akik, Miha"]
[Black "Rahman, Taibur"]
[Result "0-1"]
[WhiteElo "1720"]
[BlackElo "2215"]
[Annotator "TA"]
[PlyCount "78"]
[EventDate "2021.04.02"]
[EventType "swiss"]
[EventCountry "BAN"]
[SourceTitle "playchess.com"]
[Source "ChessBase"]
[SourceQuality "1"]

{[%evp 14,78,-4,-16,6,-12,19,19,20,17,21,9,49,0,0,0,5,8,25,-21,0,-12,60,0,0,-18,0,0,41,28,42,42,41,27,17,0,0,0,59,41,67,18,22,0,0,0,78,0,10,-54,-68,-44,99,-125,-140,-141,-141,-169,-141,-158,-54,-221,-209,-216,-189,-274,-264]} 1. e4 c5 2. Nf3 Nc6 3. c3 Nf6 4. d3 g6 5. Be2 Bg7 6. O-O O-O 7. h3 d6 8. Be3 Rb8 {B50: Sicilian: 2...d6, Miscellaneous.} 9. Qc2 b5 10. Nbd2 b4 {The position is equal.} 11. d4 bxc3 12. bxc3 cxd4 13. Nxd4 {[#]} (13. cxd4 {is interesting.} Nb4 14. Qc3 d5 15. Bf4 Rb7 16. e5) 13... Bd7 $146 ({Predecessor:} 13... Nxd4 14. cxd4 d5 15. e5 Nd7 16. Rfc1 a5 17. Rab1 Nb6 18. Qc5 Bf5 19. Rb5 Rc8 {1-0 (42) Bjelicic,J (2151)-Novosel,T (2185) Grubisno Polje 2014}) 14. Nxc6 Bxc6 15. Bxa7 Rc8 16. Rfc1 Qa5 17. Be3 Nd7 (17... Qa8 $11) 18. Nb3 ({Better is} 18. a4 $1 $14) 18... Qa8 $11 19. f3 Ba4 20. Qd2 Rc7 21. Rab1 Rfc8 {[%cal Rg7c3]} 22. c4 Ne5 {[%cal Re5c4]} 23. Na5 Nd7 24. Kh1 Nc5 25. Nb3 Nd7 (25... Be8 $11) 26. Bf1 Nf6 27. g3 Nd7 28. Be2 Ne5 {[%cal Re5c4]} 29. Na5 h5 (29... Nd7 $11) 30. Kh2 (30. Bb6 $16) 30... Kh7 31. Bb6 (31. g4 $11) 31... Bh6 $1 $15 {[%cal Rh6d2]} 32. f4 Rd7 33. Qd4 $2 {[#]} (33. Qd5 $16 {and life is bright.}) 33... Nc6 $17 {[%cal Rc6d4]} 34. Nxc6 Bxc6 35. Qd2 Bxe4 36. Rb4 {[#]} h4 (36... Rb8 $1 $17 {Threatens to win with ...e5.} 37. Rb5 e5) 37. Rf1 $2 (37. g4 $1 $15) 37... hxg3+ 38. Kxg3 Rb7 39. Rb3 (39. Bf3 $142 Bxf3 40. Rxf3) 39... Rcb8 {Weighted Error Value: White=0.42/Black=0.28} 0-1

[Event "9th Bangabandhu Rapid Men 2021"]
[Site "Dhaka"]
[Date "2021.04.03"]
[Round "8.7"]
[White "Hasan, Sk. Rashedul"]
[Black "Mehdi Hasan Parag"]
[Result "0-1"]
[WhiteElo "1902"]
[BlackElo "2204"]
[Annotator "TA"]
[PlyCount "72"]
[EventDate "2021.04.02"]
[EventType "swiss"]
[EventCountry "BAN"]
[SourceTitle "playchess.com"]
[Source "ChessBase"]
[SourceQuality "1"]

{[%evp 19,71,20,31,23,29,24,32,27,40,8,17,13,30,0,0,-41,-47,-76,-75,-104,-87,-102,-30,-106,-107,-100,-44,-82,-47,-136,-128,-160,-41,-155,-35,-50,-35,-59,0,-43,-38,-243,-238,-301,-122,-227,-156,-308,-166,-174,-158,-158,-158,-29999]} 1. e4 c6 2. d4 d5 3. exd5 cxd5 4. Bd3 Nc6 5. c3 Nf6 6. Bf4 Bg4 7. Qb3 Qd7 8. Nd2 e6 9. Ngf3 Bd6 10. Bxd6 Qxd6 11. O-O {B13: Caro-Kann: Exchange Variation and Panov-Botvinnik Attack.} O-O 12. Rae1 Bh5 13. Ne5 {White is slightly better.} Qc7 {[#]} 14. Ndf3 $146 ({Predecessor:} 14. f4 Bg6 15. Bxg6 hxg6 16. Re3 Rfc8 17. Qd1 b5 18. Qe1 b4 19. Qh4 Qd8 20. Nxc6 Rxc6 {1-0 (53) Abdusattorov,N (2627)-Svane,R (2613) chess.com INT 2020}) 14... a6 15. Qc2 Rfc8 16. Qb1 Bxf3 17. gxf3 (17. Nxf3 {keeps more tension.} b5 18. a3 Rab8 19. Qc2 a5 20. Rc1) 17... g6 18. Kh1 Nxe5 19. Rxe5 Nd7 20. Re3 e5 (20... b5 $17 21. a3 Nb6) 21. Rg1 (21. dxe5 $1 $11 {remains equal.} Nxe5 22. Rfe1) 21... exd4 $17 22. cxd4 Nf8 (22... Nf6 $17 23. Bf5 Re8) 23. Re5 Rd8 24. Qd1 (24. Qe1 $15) 24... Qb6 25. Qe2 Rac8 (25... Qxd4 $17 26. Bf5 Qa4) 26. Re7 (26. Qe3 $1 $15) 26... Rd7 ({Black should try} 26... Ne6 $17 27. Qe5 Re8 28. Rxe8+ Rxe8) 27. Re5 {Threatening Bf5.} Rcd8 ({Reject} 27... Qxd4 $6 28. Bf5 $16) 28. Rg4 Ne6 ({Black should play} 28... Rc7 $15) 29. Bf5 {[%cal Re5e6] aiming for Rxe6.} Rd6 $36 {[%mdl 2048] White is under pressure.} 30. h4 $2 {[#]} (30. Bxe6 $15 Rxe6 31. Rg1) 30... Ng7 $1 $19 {White must now prevent ...f6.} 31. Bd3 {[#]} Re6 (31... h5 $1 $19 {[%cal Rh5g4]} 32. Rg3 Qxd4) 32. b3 (32. f4 $17) 32... Rde8 {Threatens to win with ...f5.} 33. Qb2 $2 (33. Qe3 $17 {might work better.}) 33... Qd6 (33... f5 $142 34. Rg2 Rxe5 35. dxe5 Qb4) 34. f4 f6 35. Rxe6 Qxe6 36. Rg1 (36. Rg3 $17) 36... Qh3# {Weighted Error Value: White=0.78/Black=0.40} 0-1

[Event "9th Bangabandhu Rapid Men 2021"]
[Site "Dhaka"]
[Date "2021.04.03"]
[Round "8.8"]
[White "Rahman, Syed Mahfuzur"]
[Black "Anata, Choudhury"]
[Result "0-1"]
[WhiteElo "2158"]
[BlackElo "2167"]
[Annotator "TA"]
[PlyCount "142"]
[EventDate "2021.04.02"]
[EventType "swiss"]
[EventCountry "BAN"]
[SourceTitle "playchess.com"]
[Source "ChessBase"]
[SourceQuality "1"]

{[%evp 10,142,37,56,54,44,96,104,104,103,146,129,125,93,166,172,205,196,179,168,165,142,133,90,90,64,66,18,18,22,13,7,75,70,60,54,112,65,135,135,126,133,125,125,182,129,279,279,261,125,382,376,387,326,341,125,125,125,125,125,125,125,125,125,125,125,125,125,125,125,125,125,125,19,19,0,0,0,19,19,19,19,19,0,0,0,20,0,0,0,0,0,0,0,0,-64,0,-238,0,-54,-62,-97,0,-64,0,-24,0,-36,150,-127,-102,-120,-120,-112,-82,-301,-301,-506,-515,-470,-455,-568,-547,-497,-498,-815,-807,-29963,-840,-823,-812,-767,-731,-29967,-29971]} 1. d4 Nf6 2. Nf3 e6 3. c4 Bb4+ 4. Nc3 O-O 5. Qc2 b6 6. e4 c5 {E32: Nimzo-Indian: Classical (4 Qc2): 4...0-0.} 7. e5 Ne8 (7... cxd4 $14 8. a3 (8. exf6 dxc3 9. bxc3 Qxf6 $17) (8. Nxd4 Ne8 $14) 8... dxc3 9. axb4 Ne8) 8. Bd3 $1 $16 {[%cal Rd3h7]} f5 {[#] White is better.} 9. d5 $146 ({Predecessor:} 9. Bg5 Qc7 10. d5 h6 11. d6 Qb7 12. Bd2 Nc6 13. O-O g5 14. h3 Rf7 15. Rae1 {1-0 (41) Ortmann,D (2318)-Benkovic,P (2405) Wuerttemberg 2018}) 9... Bb7 10. O-O Bxc3 11. bxc3 Na6 (11... Nc7 $16 {was necessary.}) 12. Rd1 $18 Qc8 13. a4 Nac7 14. d6 Na6 {[%cal Bc7a6,Ba6b8,Bb8c6][%mdl 32]} 15. Be2 Nb8 16. Ne1 Nc6 17. f4 g5 18. Nf3 g4 19. Nd2 Na5 20. Nb3 Qc6 (20... Nxb3 $11 {remains equal.} 21. Qxb3 Ng7) 21. Bf1 $16 Nxb3 22. Qxb3 a5 (22... h5 $14) 23. Qb5 Ng7 (23... Qxb5 $14 24. cxb5 Ng7) 24. Qxc6 Bxc6 25. Be3 Kf7 26. Rdb1 Rfb8 (26... Ra6 $16 27. Rb2 h5) 27. Rb2 (27. g3 $18) 27... Rb7 (27... h5 $16 {keeps fighting.}) 28. g3 $1 $18 Rc8 29. Ra3 (29. Bg2 $18 {and White stays clearly on top.}) 29... Ne8 $2 {[%mdl 8192]} (29... Ke8 $16 30. Ra1 Be4) 30. Bg2 Be4 31. Rab3 Rc6 32. Rd2 $2 (32. Bxe4 $18 {has better winning chances.} fxe4 33. Rb5) 32... Bxg2 $16 33. Kxg2 Ra7 34. Rb1 Ng7 35. Rdb2 Ra6 36. Rb5 h5 37. Kf2 Ke8 38. Ke2 Kd8 39. h3 Ke8 40. Rh1 Kf7 41. hxg4 (41. Kd3 $16) 41... fxg4 $11 42. Bf2 Kg6 43. Kd3 Nf5 44. Ke4 Ra8 45. Rhb1 Ra6 46. Rh1 Ra8 47. Rb2 Ng7 48. Ke3 Nf5+ 49. Ke2 Ng7 50. Rhb1 Ra6 51. Kf1 Kf5 52. Be3 (52. Kg2 $11) 52... Ke4 (52... h4 $1 $15) 53. Ke2 $2 (53. Rd1 $1 $11) 53... Kf5 $2 (53... Nf5 $19 54. Bf2 h4 55. gxh4 g3) 54. Rb5 ({White should try} 54. Rh1 $11) 54... h4 $15 55. gxh4 Nh5 (55... Ke4 $1 $17) 56. Kd2 (56. Kf2 $11) 56... Ke4 (56... g3 $1 $15) 57. Rf1 g3 58. Rbb1 {Threatens to win with f5!} Ra8 $2 (58... Kf5 $1 $15 {keeps the upper hand.}) 59. Rbe1 $2 {[#]} (59. f5 $1 $16 {is forced if you want to stay better.} Kxe5 60. f6) 59... Kf5 $1 $17 {[%mdl 1024] Black has strong compensation.} 60. Ke2 Rg8 61. Kf3 Rg4 {aiming for ...Rc8.} 62. Rg1 $2 {[#]} (62. Rh1 $17 {was the only chance.}) 62... Rc8 $1 $19 63. Ref1 $2 (63. Rh1 g2 64. Rh2) 63... Rcg8 64. Kg2 Rxh4 {...Ke4 is the strong threat.} 65. Rh1 Rxh1 66. Rxh1 {[%mdl 4096] Endgame KRB-KRN} Kg4 67. Rf1 (67. Rb1 $142 Nxf4+ 68. Bxf4 Kxf4 69. Rxb6 Kxe5 70. Rb5 Kxd6 71. Rb6+ Ke5 72. Rb7) 67... Rf8 68. Rf3 Nxf4+ (68... Rxf4 $142 69. Rxf4+ Nxf4+ 70. Kh1 Kf3 71. Bxf4 Kxf4 72. Kg2 Kg4 73. Kg1 Kf5 74. Kg2 Kf4 75. Kh3 Kf3 76. Kh4 g2 77. Kg5 g1=Q+ 78. Kf6 Kf4 79. Ke7 Qg7+ 80. Kd8 Kxe5 81. Kc8 Kxd6 82. Kb7 Qg8 83. Ka6 Kc6 84. Ka7 Qh8 85. Ka6 Qa8#) 69. Bxf4 Rxf4 70. Rxg3+ Kf5 71. Rg7 Rg4+ {A wild game.  Weighted Error Value: White=0.31/Black=0.32} 0-1

[Event "9th Bangabandhu Rapid Men 2021"]
[Site "Dhaka"]
[Date "2021.04.03"]
[Round "9.1"]
[White "Reefat, Bin-Sattar"]
[Black "Rahman, Ziaur"]
[Result "1/2-1/2"]
[WhiteElo "2409"]
[BlackElo "2419"]
[Annotator "TA"]
[PlyCount "84"]
[EventDate "2021.04.02"]
[EventType "swiss"]
[EventCountry "BAN"]
[SourceTitle "playchess.com"]
[Source "ChessBase"]
[SourceQuality "1"]

{[%evp 9,84,0,0,0,0,-25,0,0,0,0,19,-4,0,6,-11,0,11,17,8,4,4,7,16,-31,-26,-83,-12,-104,-81,-79,-90,-76,-68,-73,-29,-33,-16,-91,0,3,35,23,21,31,23,4,5,0,4,-27,-35,-30,-31,-97,-91,-107,-85,-146,-149,-141,-104,-78,-84,-42,0,-100,-99,-167,0,0,0,0,0,0,0,0,0]} 1. e4 c5 2. b3 d6 3. Bb2 e5 4. Bb5+ Nc6 5. Bxc6+ bxc6 6. Ne2 {B20: Sicilian: Unusual White 2nd moves.} Nf6 7. O-O Be7 8. d3 O-O 9. Ng3 g6 {[#]} 10. f4 $146 ({Predecessor:} 10. Nd2 h5 11. f4 exf4 12. Rxf4 Ng4 13. Nc4 Bg5 14. Qf3 d5 15. Ne5 Nxe5 16. Bxe5 {1-0 (32) Lammens,T (1990)-Wessels,M (2259) Germany 2003}) 10... Ng4 {Hoping for ...Ne3.} 11. Qe2 exf4 12. Rxf4 Ne5 13. Nd2 Bg5 14. Rff1 f6 15. h3 Be6 16. c3 Qa5 17. Rf2 (17. Nf3 $11) 17... Qa6 (17... Bh4 $17 18. Qe3 Rab8) 18. d4 (18. c4 $1 $11 {remains equal.}) 18... Qxe2 $1 $17 19. Rxe2 {[#]} Nd3 {[%cal Rd3b2]} 20. Nf3 Bf4 21. Nf1 c4 22. Ba3 $1 c5 23. N1d2 (23. Ne1 $11) 23... cxd4 (23... cxb3 $17 {aiming for ...b2.} 24. Nxb3 Rfb8 25. dxc5 Bxb3 26. axb3 dxc5) 24. Nxd4 $11 Bf7 25. Nxc4 Bxc4 26. bxc4 {Black must now prevent Rd1.} Be5 27. Rd1 Nf4 28. Rf2 Rfc8 29. Bc1 Nh5 30. Nf3 Bg3 31. Rb2 (31. Rfd2 $15) 31... Rxc4 $17 32. Rb7 Rxe4 33. Ba3 ({White should try} 33. Bd2) 33... Re2 34. c4 Nf4 35. Bxd6 Rxg2+ 36. Kh1 Rf2 {Threatens to win with ...Rd8.} 37. Bxf4 (37. Bb8 $11 Ne6 38. Bxg3 Rxf3 39. Bb8) 37... Bxf4 38. Rdd7 {[#]} Rxf3 $2 (38... Bh6 $1 $19 39. Nd4 Bf8 40. Rxa7 Re8) 39. Rg7+ $11 {The position is equal.} Kh8 40. Rxh7+ Kg8 {...Rb8 is the strong threat.} 41. Rbg7+ Kf8 {Strongly threatening ...Rxh3+!} 42. Rb7 {[%cal Rh7h8]} Kg8 {Weighted Error Value: White=0.23/Black=0.21} 1/2-1/2

[Event "9th Bangabandhu Rapid Men 2021"]
[Site "Dhaka"]
[Date "2021.04.03"]
[Round "9.2"]
[White "Subrota, Biswas"]
[Black "Mohammad Fahad, Rahman"]
[Result "1/2-1/2"]
[WhiteElo "2262"]
[BlackElo "2307"]
[Annotator "TA"]
[PlyCount "158"]
[EventDate "2021.04.02"]
[EventType "swiss"]
[EventCountry "BAN"]
[SourceTitle "playchess.com"]
[Source "ChessBase"]
[SourceQuality "1"]

{[%evp 11,158,36,36,-6,14,-6,41,35,18,-2,6,-10,88,-2,24,-32,6,18,19,5,0,0,0,-41,-39,-94,-116,-83,-59,-80,-59,-58,-69,-68,-63,-64,-59,-49,0,0,0,-9,0,3,19,0,0,0,0,0,122,133,133,77,66,76,85,56,55,0,69,0,0,0,0,0,0,0,0,0,0,0,0,-33,-34,-55,-16,-23,-12,-12,4,-34,0,0,0,0,0,-55,0,-8,-8,-10,0,0,0,0,0,0,0,0,0,0,0,0,0,0,0,0,0,0,0,0,0,0,0,0,0,0,0,0,0,0,0,0,0,0,0,0,0,0,0,0,0,0,0,0,0,0,0,0,0,0,0,0,0,0,0,0,0]} 1. d4 d5 2. c4 c6 3. Nf3 Nf6 4. e3 e6 5. Bd3 dxc4 6. Bxc4 b5 7. Bb3 {D30: Queen's Gambit Declined: Systems without Nc3.} Nbd7 8. O-O Bd6 {[#]} 9. a4 $146 {White is slightly better.} ({Predecessor:} 9. Nc3 Bb7 10. e4 e5 11. Bg5 h6 12. Bh4 a6 13. Bg3 Qe7 14. dxe5 Nxe5 15. Nxe5 Bxe5 16. Bxe5 Qxe5 {½-½ (42) Kavinda,A (2003)-Hriday,D (1770) Mumbai 2018}) 9... O-O 10. Qe2 a5 11. Rd1 Qe7 (11... bxa4 $11 12. Bxa4 Ba6) 12. Nbd2 (12. e4 $16) 12... e5 13. Bc2 (13. e4 $11) 13... Ba6 (13... b4 {is more complex.} 14. e4 Bc7 15. Nc4 Ba6 16. dxe5 Nxe5 17. Nfxe5 Qxe5 18. Nxe5 Bxe2 19. Re1 Bxe5 20. Rxe2 Rac8) 14. dxe5 Nxe5 15. Nxe5 Bxe5 16. axb5 Bxb5 17. Bd3 {[#]} (17. Qe1 {keeps more tension.} a4 18. Nf3 Bc7 19. Nd4 Be5 20. Nf3) 17... Bxh2+ $1 18. Kf1 (18. Kxh2 $15 Qd6+ {[%mdl 64] Double Attack} 19. Kg1 Bxd3 20. Nf3 Qh2+ 21. Nxh2 Bxe2 22. Re1) 18... Bxd3 $17 19. Qxd3 Bc7 20. Qc2 Rad8 {And now ...Qe5 would win.} 21. b3 Ng4 22. Nf3 Rxd1+ 23. Qxd1 Qf6 24. Ra4 Nh2+ 25. Nxh2 Bxh2 26. Rxa5 (26. Qc2 {is interesting.} Qh6 27. g3 Bxg3 28. fxg3 Qh1+ 29. Ke2) 26... Bg3 {[%csl Gg3][%cal Rf6f2]} 27. Qc2 {Hoping for Rf5.} Bc7 28. Rc5 Qh4 29. Rxc6 Qh1+ 30. Ke2 Bd8 {[#]} ({Reject} 30... Ba5 $6 31. Ba3 $16) (30... Qh5+ $11 31. Kf1 Rd8) 31. Qe4 $1 $16 {Strongly threatening Ba3.} Bf6 32. Ba3 (32. b4 $142) 32... Rd8 {[%csl Gd8][%cal Rh1d1]} 33. Rd6 Rb8 34. Rb6 Rd8 {[%csl Gd8][%cal Rh1d1]} 35. Rd6 {White wants to mate with Rxd8+.} (35. Bd6 {is interesting.} Qa1 36. b4 h5 37. Qc2 Qg1 38. Bc7) 35... Rb8 36. Rxf6 gxf6 $14 {[%mdl 4096] Endgame KQR-KQB} 37. Qg4+ Kh8 {aiming for ...Rd8.} 38. Bb2 {[%cal Rb2f6]} Qh6 39. Qf5 Kg7 (39... Qg6 {is more complex.} 40. Bxf6+ Kg8 41. Qf3 h5 42. Kd2 Kh7) 40. Qg4+ Qg6 41. Bxf6+ $1 Kg8 42. Qf4 {[%cal Rf4b8]} Rxb3 43. Bd4 Qc2+ 44. Kf3 {Intending Qg5+ and mate.} Qc6+ 45. Kg3 Rb5 {Threatens to win with ...Qg6+.} 46. f3 (46. Bf6 {looks sharper.} Kf8 47. e4 Ke8 48. e5 Kd7 49. Qf5+) 46... h5 47. Kh2 Kf8 48. Qg3 (48. Bf6 {keeps more tension.} Ke8 49. e4 Kd7 50. e5 Qe6 51. Qd4+) 48... Ke7 (48... Qe6 {is more complex.} 49. e4 Ke8 50. Bf2 Qe5 51. f4 Qf6) 49. e4 (49. Qg8 $11) 49... Kd7 (49... Qd6 $15 50. Bc3 Qxg3+ 51. Kxg3 Rg5+ 52. Kf2 Rg6) 50. Be3 {The position is equal.} Qd6 51. Bf4 Qe6 52. Qf2 Ke8 (52... Qb6 {is interesting.} 53. Qd2+ Ke7 54. Bg3 h4 55. Bxh4+ Kf8) 53. Qd4 Ke7 (53... f6 {feels hotter.} 54. Qa4 Qb6 55. Qa8+ Kf7 56. Qh8 Qe6) 54. Bg3 f6 55. Qa7+ Qd7 56. Qa6 Rb7 57. Qa5 Rb5 58. Qa6 Rb7 59. Qa2 Kf8 60. Qa5 Qf7 61. Qf5 Kg7 62. e5 fxe5 $1 63. Bxe5+ Kg8 64. Qc8+ (64. Qg5+ {looks sharper.} Kh7 65. Qd8 Rd7 66. Qh8+ Kg6 67. f4) 64... Kh7 65. f4 Re7 66. Qb8 (66. Qd8 {keeps more tension.} Re8 67. Qd6 Rg8 68. Qd3+ Qg6 69. Qf3) 66... Re8 67. Qb1+ (67. Qb6 {with more complications.} Rg8 68. Qb1+ Kh6 69. f5 Rg4 70. Qc1+) 67... Kg8 68. Qe4 Qe6 69. Qb7 {[%csl Ge5][%cal Rb7g7]} (69. Kg1 {seems wilder.} Qf7 70. Qd3 Re6 71. Qh3 Qe8 72. g4) 69... Qf7 (69... Qg4 {is interesting.} 70. Qd5+ Re6 71. Kg1 Kf7 72. Qb7+ Re7) 70. Qe4 Qe6 (70... Re6 {is interesting.} 71. Qd3 Qe8 72. Qb3 Qf7 73. Qd3) 71. Qb7 {[%csl Ge5][%cal Rb7g7]} (71. Kg1 {looks sharper.} Qf7 72. Qd3 Re6 73. Qh3 Qe8 74. g4) 71... Qf7 72. Qf3 Re6 73. Bb2 Qf5 74. Be5 Rxe5 75. Qg3+ Kf7 76. fxe5 Ke6 77. Qb3+ Kxe5 78. Qb5+ Kf6 79. Qxf5+ Kxf5 {Weighted Error Value: White=0.17/Black=0.17} 1/2-1/2

[Event "9th Bangabandhu Rapid Men 2021"]
[Site "Dhaka"]
[Date "2021.04.03"]
[Round "9.3"]
[White "Mollah Abdullah, Al Rakib"]
[Black "Islam, Khandaker Aminul"]
[Result "0-1"]
[WhiteElo "2463"]
[BlackElo "2174"]
[Annotator "TA"]
[PlyCount "60"]
[EventDate "2021.04.02"]
[EventType "swiss"]
[EventCountry "BAN"]
[SourceTitle "playchess.com"]
[Source "ChessBase"]
[SourceQuality "1"]

{[%evp 9,60,23,28,19,76,46,41,35,51,12,59,34,57,56,50,22,30,33,18,16,16,16,16,16,16,15,16,8,39,33,42,0,0,-18,79,54,93,72,92,100,135,130,172,0,99,55,53,1,55,0,0,0,0]} 1. d4 Nf6 2. Nf3 e6 3. c4 Bb4+ 4. Nbd2 a5 5. a3 Bxd2+ 6. Bxd2 {E11: Bogo-Indian.} a4 (6... b6 $11) 7. Bg5 h6 8. Bh4 {White is slightly better.} c5 {[#]} 9. d5 $146 ({Predecessor:} 9. e3 Qa5+ 10. Qd2 Nc6 11. Qxa5 Rxa5 12. O-O-O cxd4 13. Nxd4 Nxd4 14. Rxd4 g5 15. Bg3 e5 16. Rd1 Ne4 17. Bd3 Nxg3 18. hxg3 Rc5 19. Be2 {½-½ (19) Gelfand,B (2693)-Kortschnoj,V (2601) Mallorca 2004}) 9... Qa5+ 10. Qd2 Ne4 11. Qxa5 Rxa5 12. e3 exd5 13. cxd5 d6 14. Bd3 Bf5 15. Nd2 Nxd2 ({Don't play} 15... Nxf2 $6 16. Bxf5 Nxh1 17. Ke2 $16) 16. Bxf5 Nb3 17. Rd1 $36 {[%mdl 2048] White is more active.} Nd7 18. O-O Ne5 19. Rfe1 f6 20. Re2 (20. f4 $5 {[%cal Rf4e5]} Nc4 21. Re2 $14) 20... c4 21. f4 Nd7 (21... Nd3 $1 $11) 22. Be1 Rb5 23. Bb4 Ke7 24. e4 {Hoping for e5.} Nbc5 25. Rd4 Nb6 26. g3 $2 {[#]} (26. e5 $18) 26... Kd8 (26... Nd3 $11) 27. Bh3 Re8 28. Bf1 (28. Bg4 $14) 28... Kc7 (28... Nb3 $11 29. Rd1 Nc5) 29. Kg2 (29. Re1 $14) 29... Nb3 $11 30. Rd1 Nc5 {[%mdl 32768] Weighted Error Value: White=0.23/Black=0.23. Loss on time!?} 0-1

[Event "9th Bangabandhu Rapid Men 2021"]
[Site "Dhaka"]
[Date "2021.04.03"]
[Round "9.4"]
[White "Hossain, Enamul"]
[Black "Mohammad Minhaz Uddin"]
[Result "1-0"]
[WhiteElo "2426"]
[BlackElo "2295"]
[Annotator "TA"]
[PlyCount "59"]
[EventDate "2021.04.02"]
[EventType "swiss"]
[EventCountry "BAN"]
[SourceTitle "playchess.com"]
[Source "ChessBase"]
[SourceQuality "1"]

{[%evp 15,59,44,83,82,85,88,93,91,108,112,132,74,171,156,165,158,172,125,147,136,122,129,129,124,135,129,145,137,157,157,151,116,146,108,113,120,122,117,138,145,148,121,266,261,251,259]} 1. c4 Nf6 2. Nf3 e6 3. g3 d5 4. Bg2 c5 5. cxd5 exd5 6. d4 Nc6 7. O-O cxd4 8. Nxd4 Bc5 {is cutting edge theory.} 9. Nxc6 {D30: Queen's Gambit Declined: Systems without Nc3.} bxc6 {[#]} 10. Qc2 $1 {[%cal Rc2c5]} Qb6 11. Nc3 {Threatens to win with Na4.White is better.} Bd4 12. Na4 Qb5 {[#]} 13. Rd1 {[#]} (13. Bf4 $142 $1) 13... Bb6 $146 (13... Be5 $16 {was necessary.}) ({Predecessor:} 13... Be5 14. Nc3 Qc5 15. Be3 Qc4 16. Rac1 Ng4 17. Qd2 Qb4 18. a3 Qe7 19. Nxd5 cxd5 20. Bc5 Bd6 21. Bxd6 Qxd6 22. Bxd5 Qb6 23. Bc6+ {1-0 (23) Wronn,B (2229)-Szobries,H Dresden 2005}) 14. Nxb6 $18 axb6 15. Be3 {Strongly threatening a4.} Bd7 16. Bd4 O-O 17. Bxf6 gxf6 18. Rd4 Rfe8 19. e3 Qc5 20. Qd1 {[%cal Rg2d5]} Re5 21. a4 Be6 22. Rc1 Qd6 23. Rf4 f5 24. Qh5 {aiming for Qg5+.} Bd7 25. b3 Qg6 26. Qd1 h6 27. Qd4 $36 {[%mdl 2112] Double Attack. White is really pushing.} Qd6 28. Rh4 Rb8 {[#]} (28... Ree8 $16) 29. Rxh6 $1 {[%mdl 576] Deflection} Qxh6 30. Qxe5 {Weighted Error Value: White=0.11/Black=0.22} 1-0

[Event "9th Bangabandhu Rapid Men 2021"]
[Site "Dhaka"]
[Date "2021.04.03"]
[Round "9.5"]
[White "Rahman, Taibur"]
[Black "Anata, Choudhury"]
[Result "0-1"]
[WhiteElo "2215"]
[BlackElo "2167"]
[Annotator "RC"]
[PlyCount "116"]
[EventDate "2021.04.02"]
[EventType "swiss"]
[EventCountry "BAN"]
[SourceTitle "playchess.com"]
[Source "ChessBase"]
[SourceQuality "1"]
[TimeControl "1500+10"]

1. d4 {[%emt 0:00:00]} Nf6 {[%emt 0:00:00]} 2. Bg5 {[%emt 0:00:00]} d5 {[%emt 0:00:00]} 3. e3 {[%emt 0:00:05]} c5 {[%emt 0:25:30]} 4. Bxf6 {[%emt 0:00:12]} gxf6 {[%emt 0:00:10]} 5. Nf3 {[%emt 0:25:33]} Nc6 {[%emt 0:00:10]} 6. Nc3 {[%emt 0:00:10]} e6 {[%emt 0:00:10]} 7. g3 {[%emt 0:00:10]} Bd7 {[%emt 0:00:00]} 8. Bg2 {[%emt 0:00:10]} a6 {[%emt 0:00:00]} 9. O-O {[%emt 0:00:10]} Bd6 {[%emt 0:00:30]} 10. e4 {[%emt 0:00:00]} cxd4 {[%emt 0:00:00]} 11. Nxd4 {[%emt 0:00:20]} Nxd4 {[%emt 0:00:00]} 12. Qxd4 {[%emt 0:00:00]} Be5 {[%emt 0:00:30]} 13. Qd2 {[%emt 0:00:00]} dxe4 {[%emt 0:00:10]} 14. Rfd1 {[%emt 0:00:30]} f5 {[%emt 0:00:00]} 15. Qe3 {[%emt 0:00:10]} Qc7 {[%emt 0:00:20]} 16. f3 {[%emt 0:00:10]} O-O-O {[%emt 0:00:10]} 17. fxe4 {[%emt 0:00:00]} f4 {[%emt 0:00:10]} 18. gxf4 {[%emt 0:00:00]} Bxf4 {[%emt 0:00:00]} 19. Qh3 {[%emt 0:00:30]} Rhg8 {[%emt 0:00:00]} 20. Kh1 {[%emt 0:00:00]} Rg6 {[%emt 0:00:30]} 21. Ne2 {[%emt 0:00:20]} Rh6 {[%emt 0:00:00]} 22. Nxf4 {[%emt 0:00:10]} Rxh3 {[%emt 0:00:00]} 23. Nxh3 {[%emt 0:00:10]} Bc6 {[%emt 0:00:30]} 24. c3 {[%emt 0:00:00]} Rg8 {[%emt 0:00:00]} 25. Rd2 {[%emt 0:00:20]} Qe5 {[%emt 0:00:00]} 26. Re1 {[%emt 0:00:10]} f5 {[%emt 0:00:30]} 27. Rde2 {[%emt 0:00:10]} Rxg2 {[%emt 0:00:00]} 28. Kxg2 {[%emt 0:00:00]} Bxe4+ {[%emt 0:00:20]} 29. Rxe4 {[%emt 0:00:00]} fxe4 {[%emt 0:00:00]} 30. Nf2 {[%emt 0:00:30]} Qg5+ {[%emt 0:00:00]} 31. Kf1 {[%emt 0:00:00]} e3 {[%emt 0:00:30]} 32. Nd1 {[%emt 0:00:20]} Qf4+ {[%emt 0:00:00]} 33. Ke2 {[%emt 0:00:10]} Qxh2+ {[%emt 0:00:00]} 34. Kxe3 {[%emt 0:00:10]} h5 {[%emt 0:00:00]} 35. Nf2 {[%emt 0:00:10]} Qg3+ {[%emt 0:00:00]} 36. Ke2 {[%emt 0:00:10]} Qe5+ {[%emt 0:00:00]} 37. Kf1 {[%emt 0:00:10]} Qb5+ {[%emt 0:00:00]} 38. Re2 {[%emt 0:00:00]} Qf5 {[%emt 0:00:00]} 39. Kg2 {[%emt 0:00:00]} h4 40. Re3 {[%emt 0:00:30]} Qg5+ {[%emt 0:00:00]} 41. Kf3 {[%emt 0:00:00]} Qd5+ {[%emt 0:01:40]} 42. Re4 {[%emt 0:00:20]} h3 {[%emt 0:00:00]} 43. c4 {[%emt 0:00:00]} Qh5+ {[%emt 0:00:00]} 44. Kg3 {[%emt 0:00:00]} h2 {[%emt 0:00:00]} 45. Rh4 {[%emt 0:00:00]} Qe5+ {[%emt 0:00:00]} 46. Kg2 {[%emt 0:00:00]} Qg5+ {[%emt 0:00:00]} 47. Rg4 {[%emt 0:00:00]} Qd2 {[%emt 0:00:00]} 48. Rh4 {[%emt 0:00:00]} Qxb2 {[%emt 0:00:00]} 49. Rxh2 {[%emt 0:00:00]} Qxa2 {[%emt 0:00:00]} 50. Rh4 {[%emt 0:00:00]} Qc2 {[%emt 0:00:00]} 51. Re4 {[%emt 0:00:00]} a5 {[%emt 0:01:40]} 52. Kf3 {[%emt 0:00:26]} a4 {[%emt 0:00:10]} 53. Re3 {[%emt 0:00:43]} Qxc4 {[%emt 0:00:00]} 54. Ne4 {[%emt 0:00:01]} Qf1+ {[%emt 0:00:00]} 55. Nf2 {[%emt 0:00:04]} Qc1 {[%emt 0:00:00]} 56. Ne4 {[%emt 0:01:06]} Qh1+ {[%emt 0:00:00]} 57. Ke2 {[%emt 0:00:00]} a3 {[%emt 0:00:00]} 58. Rxa3 Qxe4+ {[%emt 0:01:00]} 0-1